Sports Quiz

Random Sports or NBA Quiz

NBA 15K Points, One Franchise Quiz Stats

 Plays Quiz Updated Jun 8, 2018

Challenge
Share
Tweet
Embed
Score 0/53 Timer 10:00
17 Plays Today
Team Player % Correct
Chicago BullsMichael Jordan
95.8%
Los Angeles LakersKobe Bryant
93.4%
Boston CelticsLarry Bird
91.3%
Cleveland CavaliersLeBron James
90.8%
Los Angeles LakersMagic Johnson
90%
Utah JazzKarl Malone
88.7%
Chicago BullsScottie Pippen
88.3%
San Antonio SpursTim Duncan
87.9%
Miami HeatDwyane Wade
86.7%
Oklahoma City ThunderKevin Durant
86.7%
Minnesota TimberwolvesKevin Garnett
86.5%
Dallas MavericksDirk Nowitzki
84.8%
Philadelphia 76ersAllen Iverson
83.7%
Utah JazzJohn Stockton
83.3%
San Antonio SpursTony Parker
83%
San Antonio SpursDavid Robinson
80.5%
Indiana PacersReggie Miller
80.1%
Detroit PistonsIsiah Thomas
78.8%
Los Angeles LakersKareem Abdul-Jabbar
78.3%
Boston CelticsPaul Pierce
76.9%
Houston RocketsHakeem Olajuwon
76.8%
Atlanta HawksDominique Wilkins
75.4%
Golden State WarriorsWilt Chamberlain
74.6%
New York KnicksPatrick Ewing
74%
Los Angeles LakersJerry West
71.9%
Boston CelticsKevin McHale
65.6%
Portland Trail BlazersClyde Drexler
65.1%
Team Player % Correct
Philadelphia 76ersJulius Erving
64.6%
Oklahoma City ThunderGary Payton
59.7%
Los Angeles LakersJames Worthy
56.8%
Detroit PistonsJoe Dumars
56.5%
Boston CelticsRobert Parish
54.8%
Boston CelticsJohn Havlicek
53.9%
Boston CelticsBob Cousy
52.5%
San Antonio SpursGeorge Gervin
50.3%
Los Angeles LakersElgin Baylor
44.6%
Sacramento KingsOscar Robertson
43.8%
Denver NuggetsAlex English
41.4%
Golden State WarriorsChris Mullin
39.7%
Boston CelticsSam Jones
38.8%
Golden State WarriorsRick Barry
37.7%
Atlanta HawksBob Pettit
33.8%
Washington WizardsElvin Hayes
29.2%
Phoenix SunsWalter Davis
22.1%
Detroit PistonsDave Bing
17.9%
Detroit PistonsBob Lanier
15.8%
Philadelphia 76ersHal Greer
15.4%
Dallas MavericksRolando Blackman
13.2%
Houston RocketsCalvin Murphy
12.8%
Philadelphia 76ersDolph Schayes
12.4%
Golden State WarriorsPaul Arizin
9.2%
Atlanta HawksLou Hudson
7.3%
Sacramento KingsJack Twyman
4.6%

You're not logged in!

Compare scores with friends on all Sporcle quizzes.
OR
Log In

You Might Also Like...

Show Comments

Extras

Top Quizzes Today


Score Distribution

Your Account Isn't Verified!

In order to create a playlist on Sporcle, you need to verify the email address you used during registration. Go to your Sporcle Settings to finish the process.

Report this User

Report this user for behavior that violates our Community Guidelines.

Details: